| 000 -LEADER |
| fixed length control field |
02035cas a2200517 a 4500 |
| 001 - CONTROL NUMBER |
| control field |
13791171 |
| 003 - CONTROL NUMBER IDENTIFIER |
| control field |
NUST |
| 005 - DATE AND TIME OF LATEST TRANSACTION |
| control field |
20220629121751.0 |
| 008 - FIXED-LENGTH DATA ELEMENTS--GENERAL INFORMATION |
| fixed length control field |
041119c19999999pk ar w 0 0eng |
| 010 ## - LIBRARY OF CONGRESS CONTROL NUMBER |
| LC control number |
2004439087 |
| 035 ## - SYSTEM CONTROL NUMBER |
| System control number |
(OCoLC)ocm56998712 |
| 038 ## - RECORD CONTENT LICENSOR |
| Staff Name |
waseem |
| 040 ## - CATALOGING SOURCE |
| Original cataloging agency |
DLC |
| Language of cataloging |
eng |
| Transcribing agency |
DLC |
| Modifying agency |
HVL |
| -- |
OCLCQ |
| -- |
OCLCF |
| -- |
OCLCO |
| -- |
OCLCA |
| 041 0# - LANGUAGE CODE |
| Language code of text/sound track or separate title |
eng |
| -- |
urd |
| 042 ## - AUTHENTICATION CODE |
| Authentication code |
pcc |
| 043 ## - GEOGRAPHIC AREA CODE |
| Geographic area code |
a-pk--- |
| 050 00 - LIBRARY OF CONGRESS CALL NUMBER |
| Classification number |
KPL19.A2 |
| Item number |
Y43 |
| 082 ## - DEWEY DECIMAL CLASSIFICATION NUMBER |
| Classification number |
348.5491046 |
| Author Mark |
YEA |
| 245 00 - TITLE STATEMENT |
| Title |
Yearly Law Reporter 2010: |
| Remainder of title |
consisting judgement of High courts of Pakistan; superior courts of Azad Jammu & Kashmir and Gilgit-Baltistan on civil, criminal & revenue laws / |
| Statement of responsibility, etc. |
Edited by Muhammad Anwar ; H.B. Tanvir ; Muhammad Wahaj Azhar ; Kashif Mir Zubair |
| 246 30 - VARYING FORM OF TITLE |
| Title proper/short title |
Law reporter |
| 246 13 - VARYING FORM OF TITLE |
| Title proper/short title |
YLR |
| 260 ## - PUBLICATION, DISTRIBUTION, ETC. |
| Place of publication, distribution, etc. |
Lahore : |
| Name of publisher, distributor, etc. |
P.L.D Publishers, |
| Date of publication, distribution, etc. |
2010. |
| 300 ## - PHYSICAL DESCRIPTION |
| Extent |
v. ; |
| Dimensions |
24 cm. |
| 310 ## - CURRENT PUBLICATION FREQUENCY |
| Current publication frequency |
Annual |
| 362 0# - DATES OF PUBLICATION AND/OR SEQUENTIAL DESIGNATION |
| Dates of publication and/or sequential designation |
1999, v. 1- |
| 500 ## - GENERAL NOTE |
| General note |
"A yearly publication consisting of approved judgments of High Courts of Pakistan and Azad Jammu and Kashmir on civil, criminal & revenue laws." |
| 515 ## - NUMBERING PECULIARITIES NOTE |
| Numbering peculiarities note |
Issued in 3 parts, 1999-2002; in 4 parts, 2003- (called v. on spine). |
| 546 ## - LANGUAGE NOTE |
| Language note |
Chiefly English, some Urdu. |
| 588 ## - SOURCE OF DESCRIPTION NOTE |
| Source of description note |
Latest issue consulted: 2005, pt. 4. |
| 650 #0 - SUBJECT ADDED ENTRY--TOPICAL TERM |
| Topical term or geographic name entry element |
Law reports, digests, etc. |
| Geographic subdivision |
Pakistan. |
| 650 #0 - SUBJECT ADDED ENTRY--TOPICAL TERM |
| Topical term or geographic name entry element |
Civil law |
| Geographic subdivision |
Pakistan |
| Form subdivision |
Cases. |
| 650 #0 - SUBJECT ADDED ENTRY--TOPICAL TERM |
| Topical term or geographic name entry element |
Criminal law |
| Geographic subdivision |
Pakistan |
| Form subdivision |
Cases. |
| 650 #0 - SUBJECT ADDED ENTRY--TOPICAL TERM |
| Topical term or geographic name entry element |
Internal revenue law |
| Geographic subdivision |
Pakistan |
| Form subdivision |
Cases. |
| 650 #7 - SUBJECT ADDED ENTRY--TOPICAL TERM |
| Topical term or geographic name entry element |
Civil law. |
| Source of heading or term |
fast |
| Authority record control number or standard number |
(OCoLC)fst00862544 |
| 650 #7 - SUBJECT ADDED ENTRY--TOPICAL TERM |
| Topical term or geographic name entry element |
Criminal law. |
| Source of heading or term |
fast |
| Authority record control number or standard number |
(OCoLC)fst00883328 |
| 650 #7 - SUBJECT ADDED ENTRY--TOPICAL TERM |
| Topical term or geographic name entry element |
Internal revenue law. |
| Source of heading or term |
fast |
| Authority record control number or standard number |
(OCoLC)fst00976622 |
| 650 #7 - SUBJECT ADDED ENTRY--TOPICAL TERM |
| Topical term or geographic name entry element |
Law reports, digests, etc. |
| Source of heading or term |
fast |
| Authority record control number or standard number |
(OCoLC)fst00994106 |
| 651 #7 - SUBJECT ADDED ENTRY--GEOGRAPHIC NAME |
| Geographic name |
Pakistan. |
| Source of heading or term |
fast |
| Authority record control number or standard number |
(OCoLC)fst01210275 |
| 655 #7 - INDEX TERM--GENRE/FORM |
| Genre/form data or focus term |
Trials, litigation, etc. |
| Source of term |
fast |
| Authority record control number |
(OCoLC)fst01423712 |
| 906 ## - LOCAL DATA ELEMENT F, LDF (RLIN) |
| a |
7 |
| b |
cbc |
| c |
serials |
| d |
2 |
| e |
ncip |
| f |
20 |
| g |
n-oclcserc |
| 942 ## - ADDED ENTRY ELEMENTS (KOHA) |
| Source of classification or shelving scheme |
|
| Koha item type |
Reference |
| Serial record |
1 |